Notas y reflexiones acerca de la historia del bachillerato.

שמור ב:
מידע ביבליוגרפי
מחבר ראשי: Pantoja Morán, David (autor)
פורמט: ספר
שפה:ספרדית
נושאים:
תגים: הוספת תג
אין תגיות, היה/י הראשונ/ה לתייג את הרשומה!

MARC

LEADER 00000cam^a2200000uu^4500
001 000471954
005 20250521000000.0
008 050901s1983^^^^^^^^^^^^rd^r^^000^0^spa^d
009 20260310124638.407
035 |a FCE 000014762 
035 |a FCE 007040 
037 |a Acervo ITESO - Biblioteca 
041 |a spa 
082 0 4 |a 373.24  |b PANn 
100 |a Pantoja Morán, David  |e (autor) 
245 1 0 |a Notas y reflexiones acerca de la historia del bachillerato. 
264 |a México :  |b UNAM,  |c 1983. 
300 |a 67 p. 
336 |a texto  |b txt  |2 rdacontenido 
337 |a sin mediación  |b n  |2 rdamedio 
338 |a volumen  |b nc  |2 rdasoporte 
649 |a XX 
650 |a Ensayo 
650 |a Plan de estudios 
650 |a Educación media superior 
650 |a Capacitación 
910 |a Fondo Centro de Estudios Educativos 
920 |a Impresos - Libros 
930 |a Fondos Especiales 
905 |a 133 
901 |a ALE007040  |b IT2  |c CEE  |u 20250521 
901 |a ALE040741  |b IT2  |c CEE  |u 20250521 
902 |a https://opac.biblio.iteso.mx/vufind/Record/000471954